000 00762nam a2200229Ii 4500
003 JO-AjNU
008 230605s9999||||xx |||||||||||||| ||und||
017 _a1989/3126
020 _a977-1780-04-2
040 _aJO-AjNU
_bara
_erda
_cJO-AjNU
041 _aara
050 1 4 _aBP166.85.M8334 1989
100 3 _aالمحاسبي، الحارث بن أسد ، تحقيق: أبو اليزيد العجمي,
_eauthor
_914000
245 0 0 _aالتوهم
250 _aط1
264 3 1 _aالقاهرة: دار الارقم للطباعة والنشر والتوزيع، 1989
300 _a140ص
336 _atext
_btxt
_2rdacontent
337 _aunmediated
_bn
_2rdamedia
338 _avolume
_bnc
_2rdacarrier
650 4 _aالعقيدة الاسلامية
_914001
999 _aA3629
_c7197
_d7197